00217nam a22000857a 4500008004100000100002300041245002800064260003000092300000900122230624b |||||||| |||| 00| 0 eng d aKishna, Pura Swami aBayla Bhastature Itihas bGrowtha prakashan:c1966. a334p